Statistics for Football team to country #2

Click here to take the quiz!

General Stats

  • This quiz has been taken 55 times
  • The average score is 13 of 15

Answer Stats

ClubCountry% Correct
AFC BournemouthUnited Kingdom
98%
River PlateArgentina
96%
Perth GloryAustralia
96%
Standard LiègeBelgium
96%
Montreal ImpactCanada
96%
OlympiacosGreece
96%
FC ZenitRussia
96%
SK Slavia PrahaCzech Republic
94%
Atalanta BCItaly
94%
Vasco da GamaBrazil
86%
Bate BorisovBelarus
82%
Pohang SteelersSouth Korea
82%
FK Crvena zvezdaSerbia
76%
LudogoretsBulgaria
73%
Club Union EspañolaChile
61%

Score Distribution

Percentile by Number Answered

Percent of People with Each Score

Your Score History

You have not taken this quiz